| 000 | 00860nam a2200265 a 4500 | ||
|---|---|---|---|
| 001 | 000116191 | ||
| 003 | CHAP | ||
| 005 | 20220329144605.0 | ||
| 008 | 191002s2014 mx |r| ||||||spa d | ||
| 010 | _a112652 | ||
| 011 | _a113624 | ||
| 040 | _cCHAP | ||
| 082 | 0 | 4 |
_a323.4480972 _bM32 |
| 245 | 0 | 0 | _aMarco normativo en materia de transparencia, acceso a la información y protección de datos personales. |
| 260 |
_aMéxico, D.F. : _bIFAI., _c2014. |
||
| 300 | _a450 P. | ||
| 590 |
_aE5765TAJ _b05 _c20191002 _lUCH01 _h1249 |
||
| 650 | 1 | 4 |
_aAcceso a la información _xLeyes y legislación _zMéxico. _9136949 |
| 650 | 1 | 4 |
_aLibertad de información _xLeyes y legislación _zMéxico. _9130733 |
| 650 | 1 | 4 |
_aProtección de datos personales _xLeyes y legislación. _9136947 |
| 710 | 1 |
_aIFAI. México. _9136946 |
|
| 901 | _aBK | ||
| 942 | _cLIBRO | ||
| 942 | _n0 | ||
| 999 |
_c112652 _d112652 |
||